Online
Catalog

El conocimiento privado del juez : (Record no. 20037)

MARC details
000 -CABECERA
campo de control de longitud fija 00852nam a2200217 u 4500
001 - NÚMERO DE CONTROL
campo de control 000020533
005 - FECHA Y HORA DE LA ÚLTIMA TRANSACCIÓN
campo de control 20200930011126.0
008 - DATOS DE LONGITUD FIJA--INFORMACIÓN GENERAL
campo de control de longitud fija 100810s19uu sp r 001 0 spa d
040 ## - FUENTE DE LA CATALOGACIÓN
Centro catalogador/agencia de origen DO-SdBNP
Lengua de catalogación spa
Centro/agencia transcriptor BNPHU
082 ## - NÚMERO DE LA CLASIFICACIÓN DECIMAL DEWEY
Número de clasificación xxx
Número de documento/Ítem xxx
100 1# - ENTRADA PRINCIPAL--NOMBRE DE PERSONA
Nombre de persona Stein, Friedrich
Fechas asociadas al nombre 1818-1885
9 (RLIN) 43257
245 13 - MENCIÓN DE TÍTULO
Título El conocimiento privado del juez :
Resto del título investigaciones sobre el derecho probatorio en ambos procesos /
Mención de responsabilidad, etc. Friedrich Stein, traducción y notas Andrés de la Oliva Santos ; presentación Prieto Castro y Ferrándiz.
250 ## - MENCIÓN DE EDICIÓN
Mención de edición 2a. ed.
260 ## - PUBLICACIÓN, DISTRIBUCIÓN, ETC.
Lugar de publicación, distribución, etc. [España] :
Nombre del editor, distribuidor, etc. [s.d.],
Fecha de publicación, distribución, etc. [19--?].
300 ## - DESCRIPCIÓN FÍSICA
Extensión 238 p. ;
Dimensiones 21 cm.
500 ## - NOTA GENERAL
Nota general Incluye indice de materias.
500 ## - NOTA GENERAL
Nota general Incluye notas a pie de páginas
590 ## - NOTA LOCAL (RLIN)
Nota local Inventariado, 2019/ YL
700 1# - PUNTO DE ACCESO ADICIONAL--NOMBRE DE PERSONA
Nombre de persona Oliva Santos, Andrés de la
Término indicativo de función/relación tr. not.
9 (RLIN) 43258
700 1# - PUNTO DE ACCESO ADICIONAL--NOMBRE DE PERSONA
Nombre de persona Castro y Ferrándiz, Prieto
Término indicativo de función/relación prest.
9 (RLIN) 43259
Holdings
Estado de retiro Estado de pérdida Restricciones de uso No para préstamo Código de colección Localización permanente Ubicación/localización actual Ubicación en estantería Fecha de adquisición Número de inventario Total de préstamos Signatura topográfica completa Código de barras Fecha visto por última vez Precio válido a partir de Tipo de ítem Koha Nota pública
      Excluido de préstamo Monografías: Libros y Folletos Patrimonio Dominicano Patrimonio Dominicano En catalogación 22.07.2019 LF1   xxx xxx 20533-10 25.06.2020 25.06.2020 No se presta Donación Familia Reyes Duluc

Powered by Koha